Burako [juego] : rummy, mah jong, canasta ... /

Guardado en:
Formato: Objeto Físico
Publicado: Argentina : Kipo's r n
Etiquetas: Agregar Etiqueta
Sin Etiquetas, Sea el primero en etiquetar este registro!
LEADER 00347nrm a22001215g 4500
001 CEM.cems019178
005 2016000020160714.0
008 130507b######################000#0#####d
003 CEMS
245 0 0 |a Burako [juego] :  |b rummy, mah jong, canasta ... /  |c Kipo's Los Juegos Del Mundo 
260 |a Argentina :  |b  Kipo's r n 
859 |a CEMS  |b BIB. CEMS - Ludoteca